Dog Breeds by Picture: AKC Non-Sporting Group - Statistics

General Stats
  • This quiz has been taken 76 times
  • The average score is 12 of 20
Answer Stats
Picture Answer % Correct
English Bulldog
98%
Standard Poodle
98%
Chow Chow
96%
Dalmatian
96%
Shiba Inu
91%
French Bulldog
87%
Bichon Frisé
78%
Shar Pei
78%
Boston Terrier
76%
Xoloitzcuintli
64%
Lhasa Apso
44%
Schipperke
44%
Keeshond
40%
Finnish Spitz
38%
American Eskimo Dog
36%
Coton De Tuléar
31%
Löwchen
31%
Tibetan Spaniel
31%
Norwegian Lundehund
29%
Tibetan Terrier
27%
No matching quizzes found
Score Distribution
Percent of People with Each Score
Percentile by Number Answered
Your Score History
You have not taken this quiz